Footprints of the dead / (Record no. 11443)
[ view plain ]
| 000 -LEADER | |
|---|---|
| fixed length control field | 01147cam a22003853a 4500 |
| 001 - CONTROL NUMBER | |
| control field | 16033469 |
| 003 - CONTROL NUMBER IDENTIFIER | |
| control field | LC |
| 005 - DATE AND TIME OF LATEST TRANSACTION | |
| control field | 20160301143944.0 |
| 008 - FIXED-LENGTH DATA ELEMENTS--GENERAL INFORMATION | |
| fixed length control field | 830902s1983 nyua 000 1 eng d |
| 010 ## - LIBRARY OF CONGRESS CONTROL NUMBER | |
| LC control number | 2009665971 |
| 020 ## - INTERNATIONAL STANDARD BOOK NUMBER | |
| International Standard Book Number | 0440925312 : |
| Terms of availability | $2.50 |
| 020 ## - INTERNATIONAL STANDARD BOOK NUMBER | |
| International Standard Book Number | 9780440925316 |
| 035 ## - SYSTEM CONTROL NUMBER | |
| System control number | (OCoLC)ocm09874908 |
| 035 ## - SYSTEM CONTROL NUMBER | |
| System control number | (OCoLC)9874908 |
| 040 ## - CATALOGING SOURCE | |
| Original cataloging agency | COQ |
| Transcribing agency | COQ |
| Modifying agency | OCLCQ |
| -- | BTCTA |
| -- | NED |
| -- | DLC |
| 042 ## - AUTHENTICATION CODE | |
| Authentication code | lccopycat |
| 050 00 - LIBRARY OF CONGRESS CALL NUMBER | |
| Classification number | PS 3553 |
| Item number | .C156 1983 |
| 082 ## - DEWEY DECIMAL CLASSIFICATION NUMBER | |
| Classification number | FIC |
| Item number | C13f 1983 |
| 100 1# - MAIN ENTRY--PERSONAL NAME | |
| Personal name | Callahan, Jay. |
| 9 (RLIN) | 20260 |
| 245 10 - TITLE STATEMENT | |
| Title | Footprints of the dead / |
| Statement of responsibility, etc | Jay Callahan. |
| 260 ## - PUBLICATION, DISTRIBUTION, ETC. (IMPRINT) | |
| Place of publication, distribution, etc | New York : |
| Name of publisher, distributor, etc | Dell, |
| Date of publication, distribution, etc | c1983. |
| 300 ## - PHYSICAL DESCRIPTION | |
| Extent | 151 p. : |
| Dimensions | 18 cm. |
| 490 0# - SERIES STATEMENT | |
| Series statement | Twilight ; |
| Volume number/sequential designation | #14 |
| 490 0# - SERIES STATEMENT | |
| Series statement | Twilight series |
| 490 0# - SERIES STATEMENT | |
| Series statement | Dell fic |
| 490 0# - SERIES STATEMENT | |
| Series statement | Laurel-Leaf Library |
| 650 #0 - SUBJECT ADDED ENTRY--TOPICAL TERM | |
| Topical term or geographic name as entry element | Zombiism |
| Form subdivision | Juvenile fiction. |
| 9 (RLIN) | 20261 |
| 655 #7 - INDEX TERM--GENRE/FORM | |
| Genre/form data or focus term | Horror fiction. |
| Source of term | gsafd |
| 9 (RLIN) | 3405 |
| 655 #7 - INDEX TERM--GENRE/FORM | |
| Genre/form data or focus term | Young adult fiction. |
| Source of term | lcsh |
| 9 (RLIN) | 3735 |
| 710 2# - ADDED ENTRY--CORPORATE NAME | |
| Corporate name or jurisdiction name as entry element | Copyright Paperback Collection (Library of Congress) |
| Institution to which field applies | DLC |
| 9 (RLIN) | 705 |
| 906 ## - LOCAL DATA ELEMENT F, LDF (RLIN) | |
| a | 7 |
| b | cbc |
| c | copycat |
| d | 2 |
| e | ncip |
| f | 20 |
| g | y-genrareb |
| 942 ## - ADDED ENTRY ELEMENTS (KOHA) | |
| Source of classification or shelving scheme | Library of Congress Classification |
| Koha item type | Books |
| Withdrawn status | Lost status | Source of classification or shelving scheme | Damaged status | Home library | Current library | Shelving location | Date acquired | Total Checkouts | Full call number | Barcode | Date last seen | Copy number | Price effective from | Koha item type |
|---|---|---|---|---|---|---|---|---|---|---|---|---|---|---|
| Library of Congress Classification | Luxembourg Library | Luxembourg Library | Fiction Section | 09/17/2013 | PS 3553 .C156 1983 | 10861 | 09/17/2013 | 1 | 09/17/2013 | Books |